000 00736nam a2200169Ia 4500
005 20250625171939.0
008 250625s9999 xx 000 0 und d
020 _a9780202309569
082 _a910.02
_bMIN
100 _aMinshull, Roger
245 0 _aRegional Geography
260 _bAldine De Gruyter
_c2007
300 _a172 pages
500 _aExamining the types of regions and regional methods treated in modern geography, this work analyzes the concepts of formal, functional, and city regions. In addition to sizes, shapes, boundaries, and organization, the phenomena that usually form the content of regions are delineated in an attempt to define the nature of regional geography.
650 _aScience
942 _cENGLISH
999 _c573913
_d573913